Choquet order and simplices : with applications in probabilistic models

Αποθηκεύτηκε σε:
Λεπτομέρειες βιβλιογραφικής εγγραφής
Κύριος συγγραφέας: Winkler, Gerhard 1946-
Μορφή: Βιβλίο
Γλώσσα:English
Δημοσίευση: Berlin ; New York : Springer-Verlag, c1985
Σειρά:Lecture notes in mathematics (Springer-Verlag) ; 1145
Θέματα:
Ετικέτες: Προσθήκη ετικέτας
Δεν υπάρχουν, Καταχωρήστε ετικέτα πρώτοι!

MARC

LEADER 00000nam a2200000 i 4500
001 1/62994
008 941103s1985 eng d
020 |a 3-540-15683-6 
035 |a 1993  |l 10046714 
040 |a GR-MY-UA  |b gre  |e aacr 
041 0 |a eng 
082 0 |a 515.73 
100 1 |a Winkler, Gerhard  |d 1946- 
245 1 0 |a Choquet order and simplices :  |b with applications in probabilistic models /  |c Gerhard Winkler 
260 |a Berlin ; New York :   |b Springer-Verlag,   |c c1985 
300 |a vi, 143 p.;  |c 25 cm. 
490 1 |a Lecture notes in mathematics (Springer-Verlag)  |v ; 1145 
500 |a Includes bibliographical references and indexes 
650 0 0 |a Locally convex spaces. 
650 0 0 |a Complexes (Mathematics) 
830 0 |a Lecture notes in mathematics (Springer-Verlag)  |v ; 1145 
852 |a INST  |b SAMOS  |e 19941103  |h 515.73 WIN  |p 005300006957  |q 005300006957  |t BK  |y 0 
909 |a Σ  |b 029040